Open Data Biblioteca Nacional de Portugal


República Portuguesa: Ministério da Cultura
Biblioteca Nacional de Portugal

Catálogo da BNP: acesso por Identificadores Unívocos
Registos Bibliográficos associados ao registo de autoridade

Etiqueta de registo: 01048c 2200277 450
001 33670
003 http://id.bnportugal.gov.pt/bib/catbnp/33670
005 19981112131500.0
095 ## $aPTBN00034613
100 ## $a19850501d1985 k y0pory0103 ba
101 0# $apor
102 ## $aPT
200 1# $aDiscurso apologético$epolémica musical$fCaetano de Melo de Jesus$gedição do texto e introd. de José Augusto Alegria
210 #9 $aLisboa$cFund. Calouste Gulbenkian, Serviço de Música,$d1985
215 ## $a167 p.$cnot. mus.$d21 cm
675 ## $a781"16"$vmed$zpor$3298989
700 #1 $aJesus,$bCaetano de Melo de$3169010
702 #1 $aAlegria,$bJosé Augusto,$f1917-2004$4080$3360
801 #0 $aPT$bBN$gRPC
856 40 $uhttps://purl.pt/38995
856 41 $uhttps://purl.pt/38995/service/media/cover/low
856 49 $uhttps://purl.pt/38995/service/media/pdf$qapplication/pdf
958 ## $aBND$bLivre$cDigitalizado$d1$ehttps://purl.pt/38995/service/media/cover/max
966 ## $c2$lBN$mMUSICA$sM. 567 V.
966 ## $c2$lBN$mMUSICA$sM. 567 V.-D $x1
998 ## $aCR110-00165

Etiqueta de registo: 00000ndm 2200025
001 2278641
003 http://id.bnportugal.gov.pt/bib/catbnp/2278641
100 ## $a20260310g17591760k y0pory01030103ba
101 0# $apor
102 ## $aPT
106 ## $ah
200 1# $aEscola de Canto de Orgão$bMúsica manuscrita]$eMusica practicada em fórma de Dialogo entre Discipulo, e Mestre, dividida em quatro partes$fCaetano de Mello de Jesus
210 #1 $d1759-1760
215 ## $a2 v.$d31 x 22 cm
307 ## $aEncadernação com pastas de cartão revestidas a couro
307 ## $aApenas a primeira e segunda partes
330 ## $aParte 1, da Musica Theorica ou Methodo Doutrinal, que practica, e theoricamente, Segundo os Modernos, explica aos principiantes os principaes preceytos da Arte
330 ## $aParte II, Numeral ou Arithemetica da Theorica dos Intervallos, Cuja origem Proporçoens, e Proporcionalidades, practica, e theoricamente se explica aos principiantes
500 11 $aManuais
675 ## $a78.089.6$vBN$zpor$3536969
700 #1 $aJesus,$bCaetano de Melo de$3169010
801 #0 $aPT$bBPE$gRPC
966 ## $lBN$mBPE$sBPE COD. CXXVI/1-1$x7
966 ## $lBN$mBPE$sBPE COD. CXXVI/1-2$x7
995 ## $aPRR2026

OpendataBNP@bnportugal.pt | Mais informação sobre acesso aos dados BNP